00391nam a2200109Ia 4500008004100000082000800041100001700049245009700066942000600163952009700169999001500266240331s9999 xx 000 0 und d bTRA aHeyzer,N. ed 4aThe trade in domestic workers causes, mechanisms and consequences of International migration cL 001040708LaWERCLbWERCLcSSCd2024-03-31l0o 331.4 TRAp3910r2024-03-31w2024-03-31yL c2699d2699